[Event "April 9 Early 2024"]
[Site "Chess.com"]
[Date "2024.04.09"]
[Round "10"]
[White "Porozhnyak, Maya"]
[Black "Mamedjarova, Turkan"]
[Result "1-0"]
[Board "168"]
[WhiteFideId "34115843"]
[BlackFideId "13402005"]
[WhiteTitle "WCM"]
[BlackTitle "WGM"]
[WhiteElo "2338"]
[BlackElo "2249"]
[WhiteTeam "RUS"]
[BlackTeam "AZE"]
[WhiteClock "0:00:12"]
[BlackClock "0:00:36"]
[Variant "Standard"]

1. e4 {[%clk 0:03:00]}  c5 {[%clk 0:02:59]} 2. Nf3 {[%clk 0:03:01]}  d6 {[%clk 0:02:59]} 3. d4 {[%clk 0:03:02]}  cxd4 {[%clk 0:02:59]} 4. c3 {[%clk 0:03:02]}  d3 {[%clk 0:02:58]} 5. Bxd3 {[%clk 0:03:03]}  g6 {[%clk 0:02:59]} 6. O-O {[%clk 0:03:03]}  Nc6 {[%clk 0:02:59]} 7. h3 {[%clk 0:03:02]}  Bg7 {[%clk 0:02:59]} 8. Qe2 {[%clk 0:03:03]}  Bd7 {[%clk 0:02:57]} 9. Rd1 {[%clk 0:03:02]}  Nf6 {[%clk 0:02:53]} 10. Bf4 {[%clk 0:02:59]}  O-O {[%clk 0:02:54]} 11. Nbd2 {[%clk 0:02:59]}  Nh5 {[%clk 0:02:53]} 12. Bh2 {[%clk 0:02:59]}  Bh6 {[%clk 0:02:42]} 13. e5 {[%clk 0:02:45]}  Nf4 {[%clk 0:02:33]} 14. Bxf4 {[%clk 0:02:41]}  Bxf4 {[%clk 0:02:32]} 15. exd6 {[%clk 0:02:42]}  exd6 {[%clk 0:02:33]} 16. Nc4 {[%clk 0:02:29]}  Re8 {[%clk 0:02:32]} 17. Qc2 {[%clk 0:02:30]}  b5 {[%clk 0:02:31]} 18. Na3 {[%clk 0:02:21]}  a6 {[%clk 0:02:31]} 19. Be4 {[%clk 0:02:15]}  Qc7 {[%clk 0:02:28]} 20. Nd4 {[%clk 0:01:55]}  Nxd4 {[%clk 0:02:26]} 21. Rxd4 {[%clk 0:01:56]}  Be5 {[%clk 0:02:24]} 22. Rd2 {[%clk 0:01:47]}  Rac8 {[%clk 0:02:23]} 23. Qd3 {[%clk 0:01:44]}  Bc6 {[%clk 0:02:16]} 24. Bxc6 {[%clk 0:01:42]}  Qxc6 {[%clk 0:02:17]} 25. Nc2 {[%clk 0:01:41]}  Qc4 {[%clk 0:02:10]} 26. Nd4 {[%clk 0:01:15]}  b4 {[%clk 0:02:03]} 27. cxb4 {[%clk 0:01:01]}  Qxb4 {[%clk 0:02:00]} 28. Rad1 {[%clk 0:01:00]}  Rc4 {[%clk 0:01:44]} 29. Nf3 {[%clk 0:00:38]}  Bf4 {[%clk 0:01:36]} 30. Rc2 {[%clk 0:00:33]}  Rec8 {[%clk 0:01:35]} 31. Rxc4 {[%clk 0:00:33]}  Qxc4 {[%clk 0:01:27]} 32. g3 {[%clk 0:00:25]}  Be5 {[%clk 0:01:22]} 33. Nxe5 {[%clk 0:00:24]}  dxe5 {[%clk 0:01:23]} 34. Qxc4 {[%clk 0:00:24]}  Rxc4 {[%clk 0:01:23]} 35. Rd2 {[%clk 0:00:25]}  Kg7 {[%clk 0:01:20]} 36. b3 {[%clk 0:00:25]}  Rc1+ {[%clk 0:01:20]} 37. Kg2 {[%clk 0:00:25]}  e4 {[%clk 0:01:20]} 38. Re2 {[%clk 0:00:21]}  f5 {[%clk 0:01:20]} 39. Rb2 {[%clk 0:00:19]}  Rc3 {[%clk 0:01:15]} 40. b4 {[%clk 0:00:19]}  Kf6 {[%clk 0:01:15]} 41. a4 {[%clk 0:00:18]}  Ra3 {[%clk 0:01:14]} 42. b5 {[%clk 0:00:19]}  axb5 {[%clk 0:01:13]} 43. axb5 {[%clk 0:00:19]}  Ra8 {[%clk 0:01:13]} 44. b6 {[%clk 0:00:20]}  Rb8 {[%clk 0:01:14]} 45. b7 {[%clk 0:00:20]}  Ke6 {[%clk 0:01:14]} 46. f3 {[%clk 0:00:18]}  exf3+ {[%clk 0:01:01]} 47. Kxf3 {[%clk 0:00:19]}  Kd6 {[%clk 0:01:01]} 48. Kf4 {[%clk 0:00:19]}  Kc7 {[%clk 0:01:01]} 49. Kg5 {[%clk 0:00:18]}  Rxb7 {[%clk 0:01:01]} 50. Rc2+ {[%clk 0:00:16]}  Kd6 {[%clk 0:01:01]} 51. Kh6 {[%clk 0:00:13]}  Rb3 {[%clk 0:00:59]} 52. Rg2 {[%clk 0:00:12]}  f4 {[%clk 0:00:55]} 53. gxf4 {[%clk 0:00:10]}  Rxh3+ {[%clk 0:00:54]} 54. Kg5 {[%clk 0:00:11]}  Ke6 {[%clk 0:00:54]} 55. Re2+ {[%clk 0:00:10]}  Kf7 {[%clk 0:00:54]} 56. Ra2 {[%clk 0:00:10]}  Rg3+ {[%clk 0:00:54]} 57. Kh4 {[%clk 0:00:10]}  Rf3 {[%clk 0:00:54]} 58. Kg4 {[%clk 0:00:11]}  Re3 {[%clk 0:00:52]} 59. Ra7+ {[%clk 0:00:11]}  Re7 {[%clk 0:00:51]} 60. Ra6 {[%clk 0:00:12]}  Kg7 {[%clk 0:00:45]} 61. Rb6 {[%clk 0:00:12]}  Rf7 {[%clk 0:00:45]} 62. Rc6 {[%clk 0:00:12]}  h5+ {[%clk 0:00:45]} 63. Kg3 {[%clk 0:00:12]}  Rf6 {[%clk 0:00:44]} 64. Rc7+ {[%clk 0:00:12]}  Kh6 {[%clk 0:00:44]} 65. Rc8 {[%clk 0:00:12]}  Rc6 {[%clk 0:00:36]} 66. Rxc6 {[%clk 0:00:12]} 1-0

[Event "April 9 Early 2024"]
[Site "Chess.com"]
[Date "2024.04.09"]
[Round "10"]
[White "Da Silva, Giovanni B Tavares"]
[Black "Mikhailova, Irina"]
[Result "1-0"]
[Board "169"]
[WhiteFideId "22743090"]
[BlackFideId "4109040"]
[BlackTitle "WGM"]
[WhiteElo "2214"]
[BlackElo "2314"]
[WhiteTeam "BRA"]
[BlackTeam "RUS"]
[WhiteClock "0:00:07"]
[BlackClock "0:00:10"]
[Variant "Standard"]

1. e4 {[%clk 0:03:00]}  c5 {[%clk 0:03:00]} 2. Nf3 {[%clk 0:03:01]}  Nc6 {[%clk 0:03:00]} 3. Bb5 {[%clk 0:03:01]}  e6 {[%clk 0:03:00]} 4. O-O {[%clk 0:03:01]}  Nge7 {[%clk 0:03:01]} 5. Re1 {[%clk 0:03:02]}  Ng6 {[%clk 0:03:01]} 6. c3 {[%clk 0:03:02]}  Be7 {[%clk 0:03:01]} 7. d4 {[%clk 0:03:03]}  cxd4 {[%clk 0:03:02]} 8. cxd4 {[%clk 0:03:04]}  d5 {[%clk 0:03:03]} 9. Nc3 {[%clk 0:03:04]}  O-O {[%clk 0:03:02]} 10. exd5 {[%clk 0:03:01]}  exd5 {[%clk 0:03:02]} 11. h3 {[%clk 0:03:01]}  Be6 {[%clk 0:03:01]} 12. Be3 {[%clk 0:02:59]}  Rc8 {[%clk 0:03:01]} 13. Rc1 {[%clk 0:03:00]}  Na5 {[%clk 0:03:01]} 14. Nd2 {[%clk 0:02:20]}  a6 {[%clk 0:02:06]} 15. Bd3 {[%clk 0:02:14]}  Nc4 {[%clk 0:02:06]} 16. Nxc4 {[%clk 0:02:04]}  dxc4 {[%clk 0:02:06]} 17. Be4 {[%clk 0:02:04]}  b5 {[%clk 0:02:04]} 18. d5 {[%clk 0:02:04]}  Bd7 {[%clk 0:02:01]} 19. d6 {[%clk 0:01:42]}  Bf6 {[%clk 0:02:01]} 20. Bb7 {[%clk 0:01:25]}  Rb8 {[%clk 0:01:39]} 21. Be4 {[%clk 0:00:48]}  Bg5 {[%clk 0:00:44]} 22. Bxg6 {[%clk 0:00:36]}  fxg6 {[%clk 0:00:34]} 23. Qd5+ {[%clk 0:00:35]}  Kh8 {[%clk 0:00:33]} 24. Bxg5 {[%clk 0:00:32]}  Qa5 {[%clk 0:00:30]} 25. Be7 {[%clk 0:00:30]}  Rf5 {[%clk 0:00:30]} 26. Qd4 {[%clk 0:00:25]}  b4 {[%clk 0:00:26]} 27. Ne4 {[%clk 0:00:21]}  Qxa2 {[%clk 0:00:21]} 28. Rxc4 {[%clk 0:00:17]}  Bb5 {[%clk 0:00:16]} 29. Rc7 {[%clk 0:00:16]}  Qe6 {[%clk 0:00:12]} 30. Bf8 {[%clk 0:00:10]}  Rf7 {[%clk 0:00:09]} 31. Bxg7+ {[%clk 0:00:08]}  Kg8 {[%clk 0:00:09]} 32. Rxf7 {[%clk 0:00:08]}  Qxf7 {[%clk 0:00:10]} 33. Be5 {[%clk 0:00:07]}  Rf8 {[%clk 0:00:09]} 34. Nf6+ {[%clk 0:00:07]}  Kg7 {[%clk 0:00:09]} 35. Nd7+ {[%clk 0:00:07]}  Kh6 {[%clk 0:00:10]} 36. Nxf8 {[%clk 0:00:07]}  Qxf8 {[%clk 0:00:10]} 37. Qh4# {[%clk 0:00:07]} 1-0

[Event "April 9 Early 2024"]
[Site "Chess.com"]
[Date "2024.04.09"]
[Round "10"]
[White "Subramanian, Anusha"]
[Black "Korol, Dimitry"]
[Result "0-1"]
[Board "170"]
[WhiteFideId "477710"]
[BlackFideId "14108003"]
[WhiteTitle "WCM"]
[WhiteElo "2208"]
[BlackElo "2311"]
[WhiteTeam "ENG"]
[BlackTeam "UKR"]
[WhiteClock "0:00:12"]
[BlackClock "0:00:22"]
[Variant "Standard"]

1. c4 {[%clk 0:03:00]}  c5 {[%clk 0:03:00]} 2. Nc3 {[%clk 0:03:00]}  g6 {[%clk 0:02:59]} 3. Nf3 {[%clk 0:02:59]}  Bg7 {[%clk 0:03:00]} 4. d4 {[%clk 0:03:00]}  cxd4 {[%clk 0:03:01]} 5. Nxd4 {[%clk 0:03:01]}  Nc6 {[%clk 0:02:58]} 6. Nxc6 {[%clk 0:02:59]}  bxc6 {[%clk 0:02:59]} 7. g3 {[%clk 0:02:57]}  Nf6 {[%clk 0:02:59]} 8. Bg2 {[%clk 0:02:57]}  O-O {[%clk 0:03:00]} 9. O-O {[%clk 0:02:58]}  d6 {[%clk 0:03:00]} 10. e4 {[%clk 0:02:57]}  Qc7 {[%clk 0:02:59]} 11. Be3 {[%clk 0:02:55]}  Rb8 {[%clk 0:02:53]} 12. Qd2 {[%clk 0:02:54]}  Ng4 {[%clk 0:02:49]} 13. b3 {[%clk 0:02:51]}  Nxe3 {[%clk 0:02:37]} 14. Qxe3 {[%clk 0:02:52]}  Qa5 {[%clk 0:02:23]} 15. Rfc1 {[%clk 0:02:42]}  Be6 {[%clk 0:02:06]} 16. Rc2 {[%clk 0:02:09]}  Rxb3 {[%clk 0:01:51]} 17. Rac1 {[%clk 0:02:02]}  Ra3 {[%clk 0:01:21]} 18. Qd2 {[%clk 0:01:43]}  Rb8 {[%clk 0:01:16]} 19. h4 {[%clk 0:01:32]}  Bxc4 {[%clk 0:00:49]} 20. Nb1 {[%clk 0:01:06]}  Qxd2 {[%clk 0:00:49]} 21. Rxd2 {[%clk 0:01:05]}  Ra4 {[%clk 0:00:47]} 22. Nc3 {[%clk 0:00:53]}  Ra3 {[%clk 0:00:29]} 23. Nb1 {[%clk 0:00:51]}  Rxa2 {[%clk 0:00:28]} 24. Rxa2 {[%clk 0:00:42]}  Bxa2 {[%clk 0:00:29]} 25. Nd2 {[%clk 0:00:41]}  c5 {[%clk 0:00:28]} 26. Rc2 {[%clk 0:00:36]}  Be6 {[%clk 0:00:27]} 27. Kf1 {[%clk 0:00:25]}  a5 {[%clk 0:00:27]} 28. Ke2 {[%clk 0:00:23]}  a4 {[%clk 0:00:27]} 29. Nc4 {[%clk 0:00:16]}  Rb4 {[%clk 0:00:26]} 30. Na3 {[%clk 0:00:13]}  Rb3 {[%clk 0:00:24]} 31. Nc4 {[%clk 0:00:13]}  a3 {[%clk 0:00:24]} 32. Nxa3 {[%clk 0:00:12]}  Rxa3 {[%clk 0:00:23]} 33. f4 {[%clk 0:00:13]}  Ra2 {[%clk 0:00:23]} 34. Rxa2 {[%clk 0:00:10]}  Bxa2 {[%clk 0:00:24]} 35. Kd3 {[%clk 0:00:11]}  Be6 {[%clk 0:00:24]} 36. Bf3 {[%clk 0:00:09]}  h5 {[%clk 0:00:25]} 37. Be2 {[%clk 0:00:09]}  Bd7 {[%clk 0:00:24]} 38. Bd1 {[%clk 0:00:09]}  Bb5+ {[%clk 0:00:23]} 39. Kc2 {[%clk 0:00:08]}  Bd4 {[%clk 0:00:24]} 40. Kd2 {[%clk 0:00:08]}  Bf2 {[%clk 0:00:23]} 41. f5 {[%clk 0:00:09]}  Bxg3 {[%clk 0:00:23]} 42. fxg6 {[%clk 0:00:09]}  fxg6 {[%clk 0:00:24]} 43. Ke3 {[%clk 0:00:09]}  Kg7 {[%clk 0:00:23]} 44. Kf3 {[%clk 0:00:10]}  Bxh4 {[%clk 0:00:23]} 45. Bc2 {[%clk 0:00:11]}  Bf6 {[%clk 0:00:23]} 46. Bb3 {[%clk 0:00:11]}  Bd7 {[%clk 0:00:23]} 47. Bd1 {[%clk 0:00:10]}  Bg4+ {[%clk 0:00:23]} 48. Kf2 {[%clk 0:00:10]}  Bxd1 {[%clk 0:00:23]} 49. Kg3 {[%clk 0:00:10]}  Bg4 {[%clk 0:00:23]} 50. Kf2 {[%clk 0:00:11]}  c4 {[%clk 0:00:23]} 51. Kg3 {[%clk 0:00:12]}  c3 {[%clk 0:00:23]} 52. Kf2 {[%clk 0:00:12]}  c2 {[%clk 0:00:23]} 53. Ke3 {[%clk 0:00:12]}  c1=Q+ {[%clk 0:00:23]} 54. Kd3 {[%clk 0:00:12]}  Qc3# {[%clk 0:00:22]} 0-1

[Event "April 9 Early 2024"]
[Site "Chess.com"]
[Date "2024.04.09"]
[Round "10"]
[White "Valtiner, Adamo"]
[Black "Omariev, Maksim"]
[Result "0-1"]
[Board "174"]
[WhiteFideId "1647962"]
[BlackFideId "4193423"]
[WhiteTitle "CM"]
[BlackTitle "FM"]
[WhiteElo "2169"]
[BlackElo "2400"]
[WhiteTeam "AUT"]
[BlackTeam "RUS"]
[WhiteClock "0:01:37"]
[BlackClock "0:00:07"]
[Variant "Standard"]

1. f4 {[%clk 0:03:00]}  d5 {[%clk 0:02:58]} 2. Nf3 {[%clk 0:03:01]}  Nf6 {[%clk 0:02:59]} 3. d3 {[%clk 0:03:02]}  c5 {[%clk 0:02:59]} 4. g3 {[%clk 0:03:02]}  Nc6 {[%clk 0:02:59]} 5. Bg2 {[%clk 0:03:03]}  Bf5 {[%clk 0:03:00]} 6. O-O {[%clk 0:03:03]}  e6 {[%clk 0:03:00]} 7. Nbd2 {[%clk 0:03:03]}  h6 {[%clk 0:03:00]} 8. Re1 {[%clk 0:03:03]}  Bh7 {[%clk 0:03:01]} 9. e4 {[%clk 0:03:04]}  Be7 {[%clk 0:03:01]} 10. e5 {[%clk 0:03:05]}  Nd7 {[%clk 0:03:01]} 11. g4 {[%clk 0:03:04]}  h5 {[%clk 0:02:58]} 12. g5 {[%clk 0:03:04]}  Bf5 {[%clk 0:02:56]} 13. Nf1 {[%clk 0:03:03]}  Qc7 {[%clk 0:02:45]} 14. Ng3 {[%clk 0:03:03]}  g6 {[%clk 0:02:43]} 15. c4 {[%clk 0:03:00]}  Nb6 {[%clk 0:02:18]} 16. Be3 {[%clk 0:02:56]}  dxc4 {[%clk 0:02:14]} 17. dxc4 {[%clk 0:02:57]}  Nxc4 {[%clk 0:02:14]} 18. Bf2 {[%clk 0:02:57]}  Nxb2 {[%clk 0:01:46]} 19. Qb3 {[%clk 0:02:49]}  Qb6 {[%clk 0:01:45]} 20. Ne4 {[%clk 0:02:43]}  Qxb3 {[%clk 0:01:39]} 21. axb3 {[%clk 0:02:44]}  Nd3 {[%clk 0:01:40]} 22. Re2 {[%clk 0:02:21]}  Bxe4 {[%clk 0:01:40]} 23. Rxe4 {[%clk 0:02:19]}  Nxf2 {[%clk 0:01:41]} 24. Kxf2 {[%clk 0:02:19]}  O-O-O {[%clk 0:01:42]} 25. Rc4 {[%clk 0:02:16]}  a6 {[%clk 0:01:26]} 26. Ke3 {[%clk 0:02:15]}  Rd7 {[%clk 0:01:21]} 27. Nd2 {[%clk 0:02:12]}  Rhd8 {[%clk 0:01:00]} 28. Ne4 {[%clk 0:02:10]}  Rd3+ {[%clk 0:00:57]} 29. Ke2 {[%clk 0:02:10]}  Rxb3 {[%clk 0:00:56]} 30. Nxc5 {[%clk 0:02:05]}  Rb2+ {[%clk 0:00:54]} 31. Kf1 {[%clk 0:02:05]}  Bxc5 {[%clk 0:00:13]} 32. Rxc5 {[%clk 0:02:01]}  Kc7 {[%clk 0:00:14]} 33. Bxc6 {[%clk 0:01:56]}  bxc6 {[%clk 0:00:15]} 34. Ke1 {[%clk 0:01:52]}  Kb6 {[%clk 0:00:13]} 35. Rac1 {[%clk 0:01:51]}  Rc8 {[%clk 0:00:10]} 36. h4 {[%clk 0:01:49]}  a5 {[%clk 0:00:10]} 37. R5c2 {[%clk 0:01:47]}  Rb4 {[%clk 0:00:08]} 38. Kd2 {[%clk 0:01:46]}  c5 {[%clk 0:00:08]} 39. Ra1 {[%clk 0:01:44]}  Rxf4 {[%clk 0:00:06]} 40. Rca2 {[%clk 0:01:44]}  Ra8 {[%clk 0:00:03]} 41. Ke3 {[%clk 0:01:43]}  Rxh4 {[%clk 0:00:01]} 42. Rb2+ {[%clk 0:01:42]}  Rb4 {[%clk 0:00:01]} 43. Rd2 {[%clk 0:01:39]}  Ra7 {[%clk 0:00:01]} 44. Rd6+ {[%clk 0:01:39]}  Kb5 {[%clk 0:00:02]} 45. Rc1 {[%clk 0:01:39]}  a4 {[%clk 0:00:03]} 46. Rd8 {[%clk 0:01:40]}  a3 {[%clk 0:00:03]} 47. Rc8 {[%clk 0:01:40]}  c4 {[%clk 0:00:03]} 48. Rb8+ {[%clk 0:01:39]}  Ka4 {[%clk 0:00:03]} 49. Rxb4+ {[%clk 0:01:38]}  Kxb4 {[%clk 0:00:04]} 50. Kd4 {[%clk 0:01:39]}  Rd7+ {[%clk 0:00:03]} 51. Ke4 {[%clk 0:01:39]}  Kb3 {[%clk 0:00:03]} 52. Ke3 {[%clk 0:01:38]}  a2 {[%clk 0:00:04]} 53. Ke4 {[%clk 0:01:39]}  c3 {[%clk 0:00:04]} 54. Ke3 {[%clk 0:01:39]}  Kb2 {[%clk 0:00:04]} 55. Re1 {[%clk 0:01:39]}  a1=Q {[%clk 0:00:05]} 56. Rxa1 {[%clk 0:01:40]}  Kxa1 {[%clk 0:00:05]} 57. Ke4 {[%clk 0:01:41]}  Kb2 {[%clk 0:00:06]} 58. Ke3 {[%clk 0:01:42]}  c2 {[%clk 0:00:06]} 59. Ke2 {[%clk 0:01:43]}  c1=Q {[%clk 0:00:07]} 60. Kf2 {[%clk 0:01:37]}  Qc3 {[%clk 0:00:07]} 0-1

[Event "April 9 Early 2024"]
[Site "Chess.com"]
[Date "2024.04.09"]
[Round "10"]
[White "Bielinski, Dariusz"]
[Black "Tilahun , Abel Mathewos"]
[Result "1-0"]
[Board "176"]
[WhiteFideId "1109383"]
[BlackFideId "15702391"]
[WhiteTitle "CM"]
[BlackTitle "CM"]
[WhiteElo "2301"]
[BlackElo "2093"]
[WhiteTeam "POL"]
[BlackTeam "ETH"]
[WhiteClock "0:00:08"]
[BlackClock "0:00:08"]
[Variant "Standard"]

1. c4 {[%clk 0:03:00]}  Nf6 {[%clk 0:02:59]} 2. Nc3 {[%clk 0:03:00]}  e6 {[%clk 0:02:59]} 3. e4 {[%clk 0:02:57]}  e5 {[%clk 0:02:49]} 4. Nf3 {[%clk 0:02:55]}  Nc6 {[%clk 0:02:48]} 5. d4 {[%clk 0:02:54]}  exd4 {[%clk 0:02:38]} 6. Nxd4 {[%clk 0:02:55]}  Bc5 {[%clk 0:02:34]} 7. Be3 {[%clk 0:02:52]}  Bb6 {[%clk 0:02:32]} 8. Qd2 {[%clk 0:02:48]}  O-O {[%clk 0:02:31]} 9. f3 {[%clk 0:02:45]}  d6 {[%clk 0:02:26]} 10. O-O-O {[%clk 0:02:42]}  Be6 {[%clk 0:02:26]} 11. g4 {[%clk 0:02:41]}  Ne5 {[%clk 0:02:20]} 12. b3 {[%clk 0:02:33]}  Ba5 {[%clk 0:02:17]} 13. g5 {[%clk 0:02:27]}  Nfd7 {[%clk 0:02:16]} 14. f4 {[%clk 0:02:15]}  Bg4 {[%clk 0:01:54]} 15. fxe5 {[%clk 0:02:08]}  Bxd1 {[%clk 0:01:51]} 16. Kxd1 {[%clk 0:02:04]}  Nxe5 {[%clk 0:01:48]} 17. Kc2 {[%clk 0:01:22]}  c6 {[%clk 0:01:40]} 18. Nf5 {[%clk 0:01:20]}  Bc7 {[%clk 0:01:29]} 19. Be2 {[%clk 0:01:07]}  a5 {[%clk 0:01:29]} 20. Rd1 {[%clk 0:01:06]}  Qe8 {[%clk 0:01:24]} 21. Nxd6 {[%clk 0:00:53]}  Qb8 {[%clk 0:01:05]} 22. Nf5 {[%clk 0:00:48]}  Rd8 {[%clk 0:01:03]} 23. Qe1 {[%clk 0:00:46]}  Rxd1 {[%clk 0:01:02]} 24. Qxd1 {[%clk 0:00:38]}  Qe8 {[%clk 0:00:54]} 25. h4 {[%clk 0:00:36]}  Rd8 {[%clk 0:00:54]} 26. Qg1 {[%clk 0:00:36]}  b5 {[%clk 0:00:38]} 27. cxb5 {[%clk 0:00:35]}  cxb5 {[%clk 0:00:37]} 28. Bxb5 {[%clk 0:00:35]}  Qe6 {[%clk 0:00:34]} 29. h5 {[%clk 0:00:34]}  Nf3 {[%clk 0:00:31]} 30. Qf2 {[%clk 0:00:30]}  Ne5 {[%clk 0:00:28]} 31. g6 {[%clk 0:00:28]}  hxg6 {[%clk 0:00:23]} 32. hxg6 {[%clk 0:00:28]}  Nxg6 {[%clk 0:00:22]} 33. Bc4 {[%clk 0:00:26]}  Qe5 {[%clk 0:00:20]} 34. Nd4 {[%clk 0:00:12]}  a4 {[%clk 0:00:17]} 35. Qxf7+ {[%clk 0:00:12]}  Kh7 {[%clk 0:00:16]} 36. Nf3 {[%clk 0:00:10]}  Qg3 {[%clk 0:00:15]} 37. Ng5+ {[%clk 0:00:09]}  Kh6 {[%clk 0:00:13]} 38. Qf5 {[%clk 0:00:09]}  Qg2+ {[%clk 0:00:13]} 39. Be2 {[%clk 0:00:09]}  Nf4 {[%clk 0:00:08]} 40. Bxf4 {[%clk 0:00:08]}  Bxf4 {[%clk 0:00:08]} 41. Nf7# {[%clk 0:00:08]} 1-0

[Event "April 9 Early 2024"]
[Site "Chess.com"]
[Date "2024.04.09"]
[Round "10"]
[White "Quirke, Jeffrey"]
[Black "Murthy, Pappu"]
[Result "0-1"]
[Board "180"]
[WhiteFideId "2013029"]
[BlackFideId "2013401"]
[WhiteElo "2228"]
[BlackElo "1954"]
[WhiteTeam "USA"]
[BlackTeam "USA"]
[WhiteClock "0:00:00"]
[BlackClock "0:00:40"]
[Variant "Standard"]

1. e4 {[%clk 0:03:00]}  e6 {[%clk 0:02:48]} 2. d4 {[%clk 0:02:59]}  d5 {[%clk 0:02:45]} 3. exd5 {[%clk 0:02:59]}  exd5 {[%clk 0:02:45]} 4. Bf4 {[%clk 0:02:59]}  Bd6 {[%clk 0:02:41]} 5. Qd2 {[%clk 0:02:58]}  Bxf4 {[%clk 0:02:39]} 6. Qxf4 {[%clk 0:02:58]}  Qe7+ {[%clk 0:02:40]} 7. Be2 {[%clk 0:02:47]}  Nf6 {[%clk 0:02:37]} 8. Nc3 {[%clk 0:02:38]}  O-O {[%clk 0:02:32]} 9. O-O-O {[%clk 0:02:36]}  Nc6 {[%clk 0:02:22]} 10. Bd3 {[%clk 0:02:06]}  Re8 {[%clk 0:02:18]} 11. Nge2 {[%clk 0:02:04]}  Nb4 {[%clk 0:02:16]} 12. f3 {[%clk 0:01:57]}  Nxd3+ {[%clk 0:02:14]} 13. Rxd3 {[%clk 0:01:55]}  g6 {[%clk 0:02:11]} 14. g4 {[%clk 0:01:41]}  b6 {[%clk 0:02:03]} 15. h4 {[%clk 0:01:41]}  Ba6 {[%clk 0:02:03]} 16. Rd2 {[%clk 0:01:39]}  c5 {[%clk 0:01:59]} 17. h5 {[%clk 0:01:32]}  Rad8 {[%clk 0:01:42]} 18. hxg6 {[%clk 0:01:25]}  fxg6 {[%clk 0:01:39]} 19. g5 {[%clk 0:00:51]}  Nh5 {[%clk 0:01:33]} 20. Qg4 {[%clk 0:00:30]}  Rf8 {[%clk 0:01:21]} 21. dxc5 {[%clk 0:00:28]}  bxc5 {[%clk 0:01:14]} 22. Ng3 {[%clk 0:00:22]}  Nxg3 {[%clk 0:01:09]} 23. Qxg3 {[%clk 0:00:21]}  d4 {[%clk 0:01:01]} 24. Ne4 {[%clk 0:00:00]}  Bc8 {[%clk 0:00:40]} 0-1

[Event "April 9 Early 2024"]
[Site "Chess.com"]
[Date "2024.04.10"]
[Round "10"]
[White "Ram, Jwalanthi"]
[Black "Nusrat Jahan, Alo"]
[Result "0-1"]
[Board "181"]
[WhiteFideId "30981301"]
[BlackFideId "10226826"]
[WhiteTitle "WCM"]
[BlackTitle "WCM"]
[WhiteElo "2225"]
[BlackElo "1887"]
[WhiteTeam "USA"]
[BlackTeam "BAN"]
[WhiteClock "0:00:02"]
[BlackClock "0:00:51"]
[Variant "Standard"]

1. c4 {[%clk 0:03:00]}  c6 {[%clk 0:02:59]} 2. e4 {[%clk 0:03:00]}  d5 {[%clk 0:02:57]} 3. exd5 {[%clk 0:03:01]}  cxd5 {[%clk 0:02:57]} 4. d4 {[%clk 0:03:01]}  Nf6 {[%clk 0:02:55]} 5. Nc3 {[%clk 0:03:01]}  e6 {[%clk 0:02:53]} 6. Nf3 {[%clk 0:03:01]}  a6 {[%clk 0:02:53]} 7. Bd3 {[%clk 0:03:00]}  dxc4 {[%clk 0:02:51]} 8. Bxc4 {[%clk 0:03:01]}  b5 {[%clk 0:02:51]} 9. Bd3 {[%clk 0:02:48]}  Bb7 {[%clk 0:02:51]} 10. Be3 {[%clk 0:02:42]}  Be7 {[%clk 0:02:46]} 11. O-O {[%clk 0:02:31]}  Nbd7 {[%clk 0:02:41]} 12. h3 {[%clk 0:02:27]}  O-O {[%clk 0:02:39]} 13. Rc1 {[%clk 0:02:25]}  Nb6 {[%clk 0:02:36]} 14. Be2 {[%clk 0:02:19]}  Rc8 {[%clk 0:02:33]} 15. Qd2 {[%clk 0:02:02]}  Bb4 {[%clk 0:02:16]} 16. Bg5 {[%clk 0:01:34]}  Nbd5 {[%clk 0:02:01]} 17. a3 {[%clk 0:01:03]}  Bxc3 {[%clk 0:01:46]} 18. bxc3 {[%clk 0:01:02]}  Ne4 {[%clk 0:01:35]} 19. Bxd8 {[%clk 0:00:40]}  Nxd2 {[%clk 0:01:35]} 20. Nxd2 {[%clk 0:00:40]}  Rfxd8 {[%clk 0:01:35]} 21. c4 {[%clk 0:00:40]}  Nf4 {[%clk 0:01:30]} 22. Bf3 {[%clk 0:00:25]}  Bxf3 {[%clk 0:01:29]} 23. Nxf3 {[%clk 0:00:26]}  Ne2+ {[%clk 0:01:29]} 24. Kh2 {[%clk 0:00:23]}  Nxc1 {[%clk 0:01:29]} 25. Rxc1 {[%clk 0:00:23]}  Rxc4 {[%clk 0:01:30]} 26. Ra1 {[%clk 0:00:13]}  Rc3 {[%clk 0:01:28]} 27. a4 {[%clk 0:00:07]}  b4 {[%clk 0:01:28]} 28. a5 {[%clk 0:00:05]}  b3 {[%clk 0:01:25]} 29. Rb1 {[%clk 0:00:04]}  Rb8 {[%clk 0:01:18]} 30. Ne5 {[%clk 0:00:01]}  b2 {[%clk 0:01:08]} 31. Nd7 {[%clk 0:00:02]}  Rc1 {[%clk 0:01:05]} 32. Nxb8 {[%clk 0:00:02]}  Rxb1 {[%clk 0:01:05]} 33. Nxa6 {[%clk 0:00:02]}  Ra1 {[%clk 0:01:04]} 34. Nc5 {[%clk 0:00:02]}  b1=Q {[%clk 0:01:05]} 35. a6 {[%clk 0:00:02]}  Qb8+ {[%clk 0:01:03]} 36. g3 {[%clk 0:00:02]}  g6 {[%clk 0:00:56]} 37. Kg2 {[%clk 0:00:01]}  Qa8+ {[%clk 0:00:54]} 38. Kh2 {[%clk 0:00:01]}  Rxa6 {[%clk 0:00:54]} 39. Nxa6 {[%clk 0:00:01]}  Qxa6 {[%clk 0:00:55]} 40. h4 {[%clk 0:00:02]}  Qc4 {[%clk 0:00:55]} 41. d5 {[%clk 0:00:02]}  exd5 {[%clk 0:00:54]} 42. Kh3 {[%clk 0:00:02]}  d4 {[%clk 0:00:55]} 43. Kh2 {[%clk 0:00:02]}  d3 {[%clk 0:00:55]} 44. Kh3 {[%clk 0:00:02]}  d2 {[%clk 0:00:56]} 45. Kh2 {[%clk 0:00:01]}  d1=Q {[%clk 0:00:56]} 46. Kg2 {[%clk 0:00:02]}  Qdd5+ {[%clk 0:00:55]} 47. Kh2 {[%clk 0:00:02]}  Qce4 {[%clk 0:00:52]} 48. f3 {[%clk 0:00:02]}  Qe2+ {[%clk 0:00:51]} 49. Kh3 {[%clk 0:00:02]}  Qf5+ {[%clk 0:00:51]} 50. g4 {[%clk 0:00:02]}  Qfxf3# {[%clk 0:00:51]} 0-1